000 00772nam a2200241 a 4500
001 000005197
003 DO-SdBNP
005 20260321073638.0
007 ta
008 090331s1982 dr 000 0 spa d
040 _aDO-SdBNP
_bspa
_cBNPHU
082 4 _a972.9304
_bB742g
_222
100 1 _a Bosch, Juan,
_d1909-2001
_976555
245 1 3 _aLa guerra de la restauración /
_cJuan Bosch.
246 2 3 _aLa guerra de la restauración y la revolución de abril
260 _aSanto Domingo :
_bCorripio,
_c1982.
300 _a259 p. ;
_c21 cm.
590 _aInventariado, 2020/YL
651 4 _aRepública Dominicana
_xHistoria
_9170
651 4 _aRepública Dominicana
_xRestauración,
_y1863-1865
_92166
910 _aValidado. Control de calidad MMOLINA
942 _2ddc
_cLBS1
999 _c4999
_d4999